000 00190 a2200097 4500
001 7850
100 _aTravis, W
245 _aBeyond the reefs
260 _a
_bAllen
_c
090 _c6299
_d6299
942 _aNUST-CAE
_cM
_c32821
999 _c242923
_d242923